000 00669nam a22001817a 4500
999 _c167055
_d167055
010 _aENG-126238
020 _a978-93-8676-174-3
_c995.00
035 _aEN-109770
037 _bDBAD/PUB
082 _a550
100 _aKaul,B.L.
245 _aGeo-Environment and Sustainable Development:
_cby B.L. Kaul
_bSome Case Studies/
260 _aNew Delhi
_bAne Books Pvt.Ltd
_c2018
270 _a4821,Parwana Bhawan, 1st Floor,24Ansari road, Dariyaganj
_bNew Delhi
_e110002
_k+91(011) 23276843-44,
_l+91(011) 23276863
_mkapoor@anebooks.com
300 _a162p.
_b20cm(pbk)
_cill
500 _ait includes Index and Bibliography
942 _2ddc
_cEN
_h550
_mKAU